000 00658 a2200169 4500
005 20190806102646.0
008 190605b1999 sp ||||| |||| 00| 0 spa d
020 _a9788470886904
040 _aCO-BoUCM
_bspa
_cOscar Ávila (modificó)
_dOscar Ávila (modificó)
041 0 _aspa
110 2 _aMinisterio de Administraciones Públicas
_996946
245 1 3 _aEl funcionamiento del estado autonómico
_cMinisterio de Administraciones Públicas
260 _bMinisterio de Administraciones Públicas
_c1999
_aMadrid
_g1999
650 7 _916485
_aGobierno y administración
942 _cLIBRO
_2DEWEY
_a27
_e1
_h352
_mF979m
_n0
999 _c312923
_d312923